000 00572nam a22002057a 4500
003 OSt
005 20260421025933.0
008 240627b |||||||| |||| 00| 0 eng d
020 _a9789813133495
040 _aDWC- Main Lib
_cOC
082 _aRes. 612.8 P651b 2018
100 _aPinel John P. J
245 _aBiopsychology /
_cPinel John P. J.
250 _aTenth edition
260 _aSingapore:
_bPearson education,
_cc2018.
300 _a619 pages:
_billustrations ;
_c27cm.
504 _aIncludes index.
650 _a1. Psychobiology
942 _2ddc
_cBK-0 CIRC
_n1
999 _c1440
_d1440